000 01094nam a22002777a 4500
999 _c65968
_d65968
005 20240530110852.0
008 200912s2019 ua a f b 000 0dara d
017 _a2015/4583
_bمصر. دار الكتب
020 _a9789779201269
040 _aEG-CaGPL
_cEG-CaGPL
082 0 4 _221
_a001.42\
_bك ك
100 1 _aكروين ، فيليب ا. شوارتز
245 1 0 _aكيف تصبح باحثا علميا متميزا /
_cتاليف فيليب ا. شوارتز كوين ؛ ترجمة محمد حامد هندى
250 _aط.2
260 _aالقاهرة :
_bالمركز القومى للترجمة ،
_c2019
300 _a225 ص. ؛
_c24 سم.
490 0 _aالمركز القومى للترجمة ؛
_v2641/2
504 _aيشتمل على ارجاعات ببليوجرافية
650 0 7 _2qrmak
_aالبحث العلمى
650 0 7 _aالتفكير العلمى
_2qrmak
650 0 7 _aطرق البحث
_2qrmak
651 _2qrmak
700 0 _aمحمد حامد هندى
_eمترجم
942 _2ddc
_cBK